Sociolinguistic variation in speech communities
Αποθηκεύτηκε σε:
| Άλλοι συγγραφείς: | |
|---|---|
| Μορφή: | Βιβλίο |
| Γλώσσα: | English |
| Δημοσίευση: |
London :
E. Arnold,
1982
|
| Θέματα: | |
| Ετικέτες: |
Προσθήκη ετικέτας
Δεν υπάρχουν, Καταχωρήστε ετικέτα πρώτοι!
|
MARC
| LEADER | 00000cam a2200000 i 4500 | ||
|---|---|---|---|
| 001 | 1/84496 | ||
| 008 | 981005s1982 eng d | ||
| 020 | |a 0-7131-6355-0 | ||
| 035 | |l 10034455 | ||
| 035 | |a 1988 |b 3 |c Αφένδρας | ||
| 040 | |a GR-MY-UA |b gre |e aacr | ||
| 041 | 0 | |a eng | |
| 082 | 0 | |a 401.9 |2 (19) | |
| 245 | 1 | 0 | |a Sociolinguistic variation in speech communities / |c edited by Suzanne Romaine |
| 260 | |a London : |b E. Arnold, |c 1982 | ||
| 300 | |a viii, 179 p.; |b ill.; |c 22 cm | ||
| 504 | |a Βιβλιογραφία: σ. [167]-175 | ||
| 504 | |a Περιέχει ευρετήριο | ||
| 650 | 0 | 0 | |a Language and languages |x Variation. |
| 650 | 0 | 0 | |a Sociolinguistics. |
| 700 | 1 | |a Romaine, Suzanne |d 1951- |4 edt | |
| 852 | |a INST |b RHODES |e 19981005 |h 401.9 SOC |p 005400003256 |q 005400003256 |t BK |y 0 | ||
| 909 | |a Ρ |b 011796 |c 1988 | ||